Diseño y evaluación de desempeño de la mezcla asfáltica modificada con material de desecho

Wedi'i Gadw mewn:
Manylion Llyfryddiaeth
Prif Awdur: Cajina Cruz, Nicole Alexandra, 1994-
Awduron Eraill: Aguiar Moya, José Pablo, 1981- Director del TFG
Fformat: Llyfr
Iaith:Spanish
Cyhoeddwyd: [San José], Costa Rica 2020.
Pynciau:
Tagiau: Ychwanegu Tag
Dim Tagiau, Byddwch y cyntaf i dagio'r cofnod hwn!

MARC

LEADER 00000nam a2200000Ia 4500
003 013252
005 20230316151153.0
008 140114s2020 cr a 000 ||spa d
040 |c cru CEDI 
100 |a Cajina Cruz, Nicole Alexandra, 1994-  |9 275 
245 |a Diseño y evaluación de desempeño de la mezcla asfáltica modificada con material de desecho  
260 |a  [San José], Costa Rica  |c 2020. 
500 |a  Proyecto de graduación (licenciatura en ingeniería civil)--Universidad de Costa Rica. Facultad de Ingeniería. Escuela de Ingeniería Civil 
501 |a Director del Proyecto de Graduación: Ing. José Pablo Aguiar Moya, Ph.D. 
650 |x ASFALTO - FATIGA   |x ASFALTO - HUMEDAD  |x MATERIALES PARA CARRETERAS   |x APROVECHAMIENTO DE RESIDUOS  |x MEZCLAS DE EMULSION ASFALTICA - DISEÑO - EVALUACION 
700 |9 135  |a Aguiar Moya, José Pablo, 1981-  |d Director del TFG 
942 |c CEDI  |h TFG 8403  |6 TFG_8403_000000000000000 
999 |c 12979  |d 12979